Welcome to the Holygrace Academy Library

Please use search bar below to get started

INSECTS & SPIDERS (Record no. 2303)

MARC details
000 -LEADER
fixed length control field 00317nam a22001337a 4500
020 ## - INTERNATIONAL STANDARD BOOK NUMBER
ISBN 0-7513-6908-X
082 ## - DEWEY DECIMAL CLASSIFICATION NUMBER
Classification number 030
Item number DOR/I
100 ## - MAIN ENTRY--AUTHOR NAME
Personal name DORLING KINDERSLEY
245 ## - TITLE STATEMENT
Title INSECTS & SPIDERS
Remainder of title PICTUREPEDIA
260 ## - PUBLICATION, DISTRIBUTION, ETC. (IMPRINT)
Place of publication LONDON
Name of publisher DK LIMITED
Year of publication 1993
300 ## - PHYSICAL DESCRIPTION
Number of Pages 49
650 ## - SUBJECT ADDED ENTRY--TOPICAL TERM
Topical Term ENCYCLOPEDIA
Geographic subdivision UNITED KINGDOM
942 ## - ADDED ENTRY ELEMENTS (KOHA)
Koha item type Books
Holdings
Withdrawn status Lost status Collection code Home library Current library Shelving location Date acquired Source of acquisition Full call number Accession Number Koha item type
    Reference Main Library Main Library SHELF 1- I -, ENCYCLOPEDIA 28/03/2003 purchase 030 DOR/I 01261 Books